| 000 | 00920aam a2200337a 44500 | ||
|---|---|---|---|
| 008 | 941129s1993 cat | ||
| 017 | _aB-39945-1993 | ||
| 020 | _a8439327064 | ||
| 041 | _acat | ||
| 041 | _beng | ||
| 041 | _bspa | ||
| 080 | _a311:025.43 | ||
| 245 | _aThesaurus de termes estadístics: Correspondències en català, castellà i anglès | ||
| 260 | _aBarcelona | ||
| 260 | _bGeneralitat de Catalunya. Institut d'Estadística de Catalunya | ||
| 260 | _c1993 | ||
| 300 |
_a265 p. _c30 cm |
||
| 520 | _a2501 | ||
| 591 | _a4407 | ||
| 592 | _aObra terminològica | ||
| 593 | _aAT | ||
| 594 | _a4407 | ||
| 650 |
_aestadística _960620 |
||
| 650 |
_atesaurus _960661 |
||
| 710 |
_aCatalunya. Generalitat. Institut d'Estadística de Catalunya _960795 |
||
| 901 | _c<1993> | ||
| 902 | _a941129 | ||
| 942 |
_cMO _n0 |
||
| 999 |
_c52373 _d52373 |
||